Riconosci il Pokémon - Quiz n°319 - Statistics

Statistiche generali
  • Questo quiz è stato fatto 1 volte
  • Il punteggio medio è 9 su 10
Statistiche sulle risposte
Indizio Risposta % Corretto
Altezza 0,5 m
100%
Peso 12,0 kg
100%
Sesso 50% ♂, 50% ♀
100%
Tasso di cattura 90 (20.1%)
100%
Tipo Coleottero / Erba
100%
Stadio evoluzione Forma Base
100%
Abilità Fuggifuggi
100%
Tasso di allevamento Medio-Veloce
100%
Generazione Settima
100%
Pokémon Wimpod
0%
Nessun quiz corrispondente trovato
Distribuzione punteggi
Percentuale di utenti per punteggio
Percentile per numero di risposta
I tuoi punteggi nel tempo
Non hai fatto questo quiz